| 000 | 01147nam a22002537a 4500 | ||
|---|---|---|---|
| 005 | 20170124102923.0 | ||
| 010 | _aB-005419 | ||
| 020 | _c400.00 | ||
| 035 | _aB-005419 | ||
| 037 | _bCen Lib/Ret | ||
| 040 |
_aDPL _bHN |
||
| 082 |
_a792 _bअवस्थी |
||
| 100 |
_aअवस्थी, सुरेश _942611 |
||
| 245 |
_aहे सामाजिक : _cसुरेश अवस्थी _bभारतीय रंग-परंपरा पर संवाद / |
||
| 246 |
_ahe samajik bhartiye rang-parampara par sanvad _bby Suresh Awasthi |
||
| 260 |
_aनई दिल्ली _bराष्ट्रीय नाट्य विद्यालय _c2000 |
||
| 270 |
_aबहावलपुर हाउस _bनई दिल्ली _e110002 |
||
| 300 |
_axii,277पृ. _c20सेमी (सजिल्द) |
||
| 650 |
_aभारतीय परंपरा _942612 |
||
| 650 |
_aनाट्य साहित्य का अध्धयन _910161 |
||
| 650 |
_aIndian tradition _942613 |
||
| 650 |
_aTheatrical studies of literature _942614 |
||
| 942 |
_2ddc _cHN _h792 _mअवस्थी |
||
| 999 |
_c111400 _d111400 |
||